| 000 | 005190000a22001810004500 | ||
|---|---|---|---|
| 020 | _a84-7645-373-6 | ||
| 041 | 0 | _aSPA | |
| 082 | 0 | 4 | _aG 266.0092 B2611d |
| 100 | 1 | _aBarnes, Vera F. de | |
| 245 | 1 | 0 | _aCruzando las fronteras : Una biografía del Dr. Alberto Benjamín Simpson / Vera F. de Barnes |
| 260 | _aTerrassa, Barcelona, España : CLIE | ||
| 300 | _a170 Pag | ||
| 001 | 7456 | ||
| 942 | _cBK | ||
| 999 |
_c37669 _d37669 |
||
| 336 |
_atexto _btxt _2rdacontent |
||
| 337 |
_2rdamedia _asin mediación _bn |
||
| 338 |
_2rdacarrier _avolumen _bnc |
||